Marauders era ships - Statistics

General Stats
  • This quiz has been taken 2,110 times
    1,209 since last reset
  • The average score is 9 of 15
Answer Stats
Hint Answer % Correct
James and Lily Jily
96%
James and Regulus Jegulus/starchaser
93%
sirius and remus wolfstar
91%
dorcas and marlene dorlene
81%
snape and lily snily
81%
james, regulus and lily jegulily
75%
evan and barty rosekiller
71%
regulus and remus moonwater
67%
Pandora and lily pandalily
62%
mary and marlene marylene
56%
James and Sirius prongsfoot
55%
sirius and marlene blackinnon
34%
remus and nymphadora remadora
33%
remus and lily remulily
21%
sirius and snape snack
14%
No matching quizzes found
Score Distribution
Percent of People with Each Score
Percentile by Number Answered
Your Score History
You have not taken this quiz since the last reset